[Event "Jakarta Hayandra"]
[Site "Jakarta"]
[Date "2020.10.25"]
[Round "10"]
[White "Sen, Kiu"]
[Black "Hendry, Y Heriyanto"]
[Result "1/2-1/2"]
[WhiteElo "2189"]
[BlackElo "2100"]
[PlyCount "58"]
[EventDate "2020.10.21"]
[EventType "tourn"]
[EventRounds "10"]
[EventCountry "INA"]
[SourceTitle "CBM 199 Extra"]
[Source "ChessBase"]
[SourceDate "2021.01.31"]
[SourceVersion "1"]
[SourceVersionDate "2021.01.31"]
[SourceQuality "1"]

1. d4 Nf6 2. c4 c5 3. d5 e6 4. Nc3 exd5 5. cxd5 d6 6. Nf3 g6 7. g3 Bg7 8. Bg2 0-0 9. 0-0 Re8 10. Re1 Ne4 11. Nxe4 Rxe4 12. Nd2 Re8 13. a4 Nd7 14. Nc4 Ne5 15. Nxe5 Bxe5 16. Qc2 b6 17. Bd2 Qf6 18. Bc3 Bxc3 19. Qxc3 Qxc3 20. bxc3 Ba6 21. Bf3 Bc4 22. Rab1 Re5 23. e4 Rae8 24. Red1 Kg7 25. Bg2 f6 26. f4 R5e7 27. Kf2 h6 28. Rb2 g5 29. Bf3 Kg6 1/2-1/2

[Event "Jakarta Hayandra"]
[Site "Jakarta"]
[Date "2020.10.25"]
[Round "9"]
[White "Sumardi, Saidul Ula"]
[Black "Sen, Kiu"]
[Result "0-1"]
[WhiteElo "2109"]
[BlackElo "2189"]
[PlyCount "104"]
[EventDate "2020.10.21"]
[EventType "tourn"]
[EventRounds "10"]
[EventCountry "INA"]
[SourceTitle "CBM 199 Extra"]
[Source "ChessBase"]
[SourceDate "2021.01.31"]
[SourceVersion "1"]
[SourceVersionDate "2021.01.31"]
[SourceQuality "1"]

1. e4 c5 2. Nc3 Nc6 3. f4 g6 4. Nf3 Bg7 5. Bb5 Nd4 6. 0-0 a6 7. Bc4 b5 8. Bd5 Rb8 9. e5 e6 10. Be4 d5 11. Bd3 Nxf3+ 12. Qxf3 Ne7 13. Nd1 c4 14. Be2 Nf5 15. c3 d4 16. d3 Bb7 17. Qh3 Qb6 18. Kh1 dxc3 19. bxc3 cxd3 20. Bxd3 0-0 21. Ne3 Rfd8 22. Ng4 Qc6 23. Be2 Rbc8 24. Bf3 Qxc3 25. Bb2 Qxb2 26. Bxb7 Rc3 27. Bf3 h5 28. Nf2 Rd4 29. Rae1 Qxa2 30. Ne4 Qc4 31. Nxc3 Qxc3 32. Rc1 Qa5 33. g4 hxg4 34. Rc8+ Rd8 35. Rxd8+ Qxd8 36. Bxg4 Qd5+ 37. Bf3 Qc4 38. Rd1 Qxf4 39. Rd8+ Bf8 40. Rxf8+ Kxf8 41. Qh8+ Ke7 42. Qf6+ Kd7 43. Qxf7+ Kd8 44. Qf8+ Kc7 45. Qc5+ Kd7 46. Bc6+ Kd8 47. Qb6+ Ke7 48. Qc7+ Kf8 49. Qd8+ Kg7 50. Qf6+ Kh7 51. Qf7+ Kh6 52. Qf8+ Kh5 0-1

[Event "Jakarta Hayandra"]
[Site "Jakarta"]
[Date "2020.10.24"]
[Round "8"]
[White "Malik, Jan Adiar"]
[Black "Sen, Kiu"]
[Result "1/2-1/2"]
[WhiteElo "1857"]
[BlackElo "2189"]
[PlyCount "82"]
[EventDate "2020.10.21"]
[EventType "tourn"]
[EventRounds "10"]
[EventCountry "INA"]
[SourceTitle "CBM 199 Extra"]
[Source "ChessBase"]
[SourceDate "2021.01.31"]
[SourceVersion "1"]
[SourceVersionDate "2021.01.31"]
[SourceQuality "1"]

1. e4 c5 2. Nf3 d6 3. d4 cxd4 4. Nxd4 Nf6 5. Nc3 e6 6. Be2 Be7 7. Be3 a6 8. 0-0 0-0 9. f4 Qc7 10. Bf3 Nc6 11. Nb3 b5 12. a3 Bb7 13. Qe1 Rfe8 14. Qg3 Bf8 15. Rad1 b4 16. axb4 Nxb4 17. Rd2 Rac8 18. Bd4 Nd7 19. f5 Ne5 20. Bxe5 dxe5 21. f6 g6 22. h4 h5 23. Bxh5 Bh6 24. Bxg6 Kh8 25. Rdf2 Rg8 26. h5 Nxc2 27. Rxc2 Qb6+ 28. Kh1 Qxb3 29. Rcf2 Qc4 30. Qxe5 Qc7 31. Qh2 fxg6 32. f7 Qxh2+ 33. Kxh2 Rgf8 34. Rf6 Bg7 35. Rxg6 Bxc3 36. bxc3 Bxe4 37. Rxe6 Bd5 38. Rxa6 Rxc3 39. Raf6 Rc2 40. R1f2 Rxf2 41. Rxf2 Rxf7 1/2-1/2

[Event "Jakarta Hayandra"]
[Site "Jakarta"]
[Date "2020.10.22"]
[Round "4"]
[White "Sen, Kiu"]
[Black "Sumardi, Saidul Ula"]
[Result "1-0"]
[WhiteElo "2189"]
[BlackElo "2109"]
[PlyCount "159"]
[EventDate "2020.10.21"]
[EventType "tourn"]
[EventRounds "10"]
[EventCountry "INA"]
[SourceTitle "CBM 199 Extra"]
[Source "ChessBase"]
[SourceDate "2021.01.31"]
[SourceVersion "1"]
[SourceVersionDate "2021.01.31"]
[SourceQuality "1"]

1. d4 Nf6 2. c4 e6 3. Nc3 Bb4 4. Qc2 Nc6 5. Nf3 d6 6. Bd2 0-0 7. a3 Bxc3 8. Bxc3 Re8 9. e4 e5 10. d5 Ne7 11. h3 Nh5 12. g3 f5 13. Bd3 fxe4 14. Bxe4 Nf6 15. Nh4 Nxe4 16. Qxe4 Rf8 17. Rh2 Nf5 18. Nxf5 Bxf5 19. Qe3 Qd7 20. 0-0-0 Bg6 21. Kd2 Qa4 22. Qe2 Rf7 23. Ke1 Bc2 24. Rc1 Bb3 25. Bb4 a5 26. Bd2 b5 27. cxb5 Bxd5 28. h4 Rb8 29. h5 Rxb5 30. Rh4 Qb3 31. Bc3 Bf3 32. Qc2 Qxc2 33. Rxc2 e4 34. Bd2 c5 35. Rf4 Rfb7 36. Bc1 Rd7 37. h6 gxh6 38. Rf6 Kg7 39. Rxh6 c4 40. Re6 Rd5 41. Bd2 Rh5 42. Bc3+ Kf7 43. Rf6+ Ke7 44. Rc1 Rd5 45. Rh6 Kd8 46. Bd2 Rc5 47. Re6 d5 48. Ra6 d4 49. Rxa5 Rdd5 50. Rxc5 Rxc5 51. Bb4 Rc6 52. Kd2 Kc7 53. Bf8 Kb6 54. a4 Ka5 55. Bg7 c3+ 56. bxc3 dxc3+ 57. Bxc3+ Kxa4 58. Rb1 Rd6+ 59. Kc2 Be2 60. Rb7 Bd3+ 61. Kb2 Rc6 62. Rxh7 Rb6+ 63. Kc1 e3 64. Ra7+ Kb3 65. Be1 Rc6+ 66. Kd1 e2+ 67. Kd2 Bb5 68. f4 Rc3 69. Ra3+ Kxa3 70. Kxc3 Bd7 71. Kd4 Kb3 72. Ke5 Bg4 73. f5 Kc2 74. Kf4 Kd1 75. Ba5 Bh5 76. g4 Bf7 77. g5 e1Q 78. Bxe1 Kxe1 79. g6 Be8 80. Kg5 1-0

[Event "Jakarta Peduli"]
[Site "Jakarta"]
[Date "2020.10.11"]
[Round "10"]
[White "Sen, Kiu"]
[Black "Gunawan, Johan"]
[Result "1/2-1/2"]
[WhiteElo "2189"]
[BlackElo "2098"]
[PlyCount "60"]
[EventDate "2020.10.03"]
[EventType "tourn"]
[EventRounds "10"]
[EventCountry "INA"]
[SourceTitle "EXT 2022"]
[Source "ChessBase"]
[SourceDate "2021.10.06"]
[SourceVersion "1"]
[SourceVersionDate "2021.10.06"]
[SourceQuality "1"]

1. d4 Nf6 2. Nf3 d5 3. g3 c6 4. Bg2 Bf5 5. 0-0 e6 6. b3 Nbd7 7. c4 Be7 8. Nc3 0-0 9. h3 h6 10. Bb2 Bh7 11. Rc1 Re8 12. Ne5 Rc8 13. f4 Bb4 14. e3 Bxc3 15. Bxc3 Be4 16. c5 Bxg2 17. Kxg2 Ne4 18. g4 f5 19. Be1 Nxe5 20. dxe5 Kh7 21. gxf5 exf5 22. Kh2 Qd7 23. Rg1 g6 24. Qd4 Qe6 25. Rc2 Rc7 26. Rcg2 Rg7 27. Bh4 Reg8 28. Be1 Qe7 29. b4 a6 30. Qd1 Qe6 1/2-1/2

[Event "Jakarta Peduli"]
[Site "Jakarta"]
[Date "2020.10.09"]
[Round "8"]
[White "Malik, Jan Adiar"]
[Black "Sen, Kiu"]
[Result "1-0"]
[WhiteElo "1857"]
[BlackElo "2189"]
[PlyCount "53"]
[EventDate "2020.10.03"]
[EventType "tourn"]
[EventRounds "10"]
[EventCountry "INA"]
[SourceTitle "EXT 2022"]
[Source "ChessBase"]
[SourceDate "2021.10.06"]
[SourceVersion "1"]
[SourceVersionDate "2021.10.06"]
[SourceQuality "1"]

1. e4 c5 2. Nf3 d5 3. exd5 Qxd5 4. Nc3 Qe6+ 5. Be2 Nf6 6. 0-0 Nc6 7. Re1 g6 8. Bb5 Qd6 9. d4 cxd4 10. Nxd4 Bg4 11. Nxc6 Bxd1 12. Rxd1 Qxd1+ 13. Nxd1 a6 14. Ba4 b5 15. Bb3 Rc8 16. Ne5 e6 17. Be3 Bd6 18. Bd4 Ke7 19. Ne3 Rhd8 20. c3 Bxe5 21. Bxe5 Rd2 22. Kf1 Nd7 23. Bd4 Rxb2 24. Rd1 f5 25. c4 Rxb3 26. axb3 bxc4 27. Nxc4 1-0

[Event "Jakarta Peduli"]
[Site "Jakarta"]
[Date "2020.10.08"]
[Round "6"]
[White "Jurmansah, Joni"]
[Black "Sen, Kiu"]
[Result "0-1"]
[WhiteElo "2063"]
[BlackElo "2189"]
[PlyCount "76"]
[EventDate "2020.10.03"]
[EventType "tourn"]
[EventRounds "10"]
[EventCountry "INA"]
[SourceTitle "EXT 2022"]
[Source "ChessBase"]
[SourceDate "2021.10.06"]
[SourceVersion "1"]
[SourceVersionDate "2021.10.06"]
[SourceQuality "1"]

1. h3 d5 2. Nf3 c5 3. c4 d4 4. e4 Nc6 5. d3 e5 6. Nbd2 Bd6 7. a3 Nge7 8. g3 f6 9. Bg2 Be6 10. Rb1 Qd7 11. Nb3 0-0 12. Bd2 a5 13. Nc1 a4 14. g4 Ng6 15. Ne2 Rfb8 16. b4 cxb4 17. axb4 b5 18. c5 Bf8 19. Ra1 a3 20. 0-0 Ra4 21. Qb1 Bxc5 22. bxc5 b4 23. Bc1 Qa7 24. Nd2 b3 25. Nc4 a2 26. Qb2 Bxc4 27. dxc4 Na5 28. Nxd4 exd4 29. e5 fxe5 30. Bd5+ Kh8 31. c6 Qc5 32. Qe2 Nxc4 33. Qe4 Ne7 34. c7 Qxc7 35. Bf7 Rf8 36. Bxc4 Rxc4 37. Ba3 Rb8 38. Rac1 Rxc1 0-1

[Event "World Cities"]
[Site "Jakarta "]
[Date "1997.??.??"]
[Round "9"]
[White "Myo, Naing"]
[Black "Sen, Kiu"]
[Result "1-0"]
[WhiteElo "2240"]
[BlackElo "2190"]
[PlyCount "77"]
[EventDate "1997.07.08"]
[EventType "swiss"]
[EventRounds "10"]
[EventCountry "INA"]
[SourceTitle "CBM 058 Extra"]
[Source "ChessBase"]
[SourceDate "1997.07.29"]
[SourceVersion "1"]
[SourceVersionDate "1997.07.29"]
[SourceQuality "1"]

1. d4 Nf6 2. c4 g6 3. Nc3 Bg7 4. e4 d6 5. Nge2 0-0 6. Ng3 e5 7. d5 a5 8. Be2 Nbd7 9. h4 h5 10. Bg5 Nc5 11. Bxh5 gxh5 12. Nxh5 Kh8 13. Qf3 Bg4 14. Bxf6 Bxf3 15. Bxg7+ Kh7 16. gxf3 Nd3+ 17. Kd2 Nf4 18. Bf6 Nxh5 19. Bxd8 Raxd8 20. Rag1 Kh6 21. Ne2 f5 22. Ke3 Rd7 23. exf5 Rxf5 24. Ng3 Rf4 25. Nxh5 Kxh5 26. Rg5+ Kh6 27. Rg4 Rf5 28. b3 Rdf7 29. Rh3 b6 30. Rhg3 Kh7 31. Rg5 Rxg5 32. Rxg5 Kh6 33. Rg4 Kh5 34. Ke4 Kh6 35. f4 Kh5 36. f3 exf4 37. Rxf4 Re7+ 38. Kd3 Rg7 39. a3 1-0

[Event "World Cities"]
[Site "Jakarta "]
[Date "1997.??.??"]
[Round "4"]
[White "Sen, Kiu"]
[Black "Saltaev, Mihail"]
[Result "1-0"]
[WhiteElo "2190"]
[BlackElo "2490"]
[PlyCount "25"]
[EventDate "1997.07.08"]
[EventType "swiss"]
[EventRounds "10"]
[EventCountry "INA"]
[SourceTitle "CBM 058 Extra"]
[Source "ChessBase"]
[SourceDate "1997.07.29"]
[SourceVersion "1"]
[SourceVersionDate "1997.07.29"]
[SourceQuality "1"]

1. d4 Nf6 2. c4 d6 3. Nc3 Nbd7 4. Bg5 h6 5. Bh4 g5 6. Bg3 Nh5 7. Nf3 Bg7 8. e3 Ndf6 9. Be2 Nxg3 10. hxg3 c6 11. Qc2 Qc7 12. Rc1 Bd7 13. 0-0 1-0